000 00837nam a2200181Ia 4500
003 GCL
008 140319s9999 xx 000 0 ara d
040 _aGCL /
_cGCL
082 0 4 _a321.8
_bو د
100 1 _aووتربورى, جون
245 1 0 _aديمقراطية من دون ديمقؤاطيين : سياسات الانفتاح فى العالم العربى الاسلامى : بحوث الندوة الفكرية التى نظمها المعهد الايطالى (فونداسيونى اينى انريكوماتينى) /
_cووتربورى, جون
300 _a390 ص
490 _aالهيئة العامة للاستعلامات
_v0
650 0 4 _aالديمقراطية
650 0 4 _aالديمقراطية - العالم الاسلامى
650 0 4 _aالديمقراطية - العالم العربى
942 _2ddc
_cBK
999 _c49022
_d49022